Представление документа в формате MARC21

Поле Инд. ПП Название Значение
Тип записи a
Библиографический уровень m
001 Контрольный номер cccf17d8-b251-44df-84d8-783211a5fef3
005 Дата корректировки 20151112161407.8
008 Кодируемые данные 031117
020 a ISBN 1-56294-250-6
c Цена, тираж 167.00
040 a Служба первич. каталог. НБ ТвГУ
041 0_ a Код языка текста eng
080 a Индекс УДК 973"19"(092)
a Индекс УДК 929Кеннеди
084 a Индекс другой классификации/Индекс ББК Т3(7США)63-8
090 x Авторский знак M 70
a Полочн. индекс Т3(7США)
100 1_ a Автор Mills Judie
245 00 a Заглавие Robert Kennedy
c Ответственность Judie Mills
260 0_ a Место издания Brookfield (Conn.)
b Издательство Millbrook press
c Дата издания 1998
300 a Объем 546 p.
b Иллюстрации/ тип воспроизводства Ill.
504 a Библиография Bibliogr.: p. 523-530.
583 a Действие Получение впервые 267 14.11.2003
k Исполнитель действия Дар Библиотеки Конгресса
650 04 a Основная рубрика Кеннеди, Роберт Фрэнсис, о нем
650 04 a Основная рубрика США
x Основная подрубрика История
y Хронологическая подрубрика 20 в.
650 04 a Основная рубрика Деятели государственные и политические
653 0_ a Ключевые слова Кеннеди Роберт
a Ключевые слова Государственные деятели США
a Ключевые слова История США
a Ключевые слова Персоналии
852 41 t Порядковый номер экземпляра 1
p Инвентарный номер 771098
863 t 10690000003210
888 a Бесплатные
930 a Новая/Ретро иностр
a Новая/Ретро англ
a Новая/Ретро персоналии
952 p 267.2003 167.00 1 771098
c Вид литературы К ин
954 a Дата поступления на обработку 20031119
999 a Подразделение 2 аб.